000 00525nam a2200169Ia 4500
999 _c36986
_d36986
003 OSt
005 20201217121646.0
008 190216s9999||||xx |||||||||||||| ||und||
040 _coclc
082 _a413
_bPIL/A
100 _aPillai, P Madhavan
_97623
245 0 _aAssissi Hindi Malayalam English Dictionary /
_c P Madhavan Pillai
260 _bAssissi Printing & publishing House,
_aChanganacherry:
_c2005.
300 _a1395p
650 _aReferences
942 _cREF
_2ddc
_h413
_iPIL/A
_k413
_mPIL/A